000 00482nam a2200145Ia 4500
003 OSt
005 20260120105900.0
008 211028s2014 xx 000 0 und d
040 _cAIMIT LIBRARY
041 _aeng
100 _aGeorge, Caroline; Dias, Beena.
_g1216025
_97140
245 _aStudy on dealer risk analysis in context to original equipment manufactures: a case study with reference to KTC hyundai Calicut /
260 _aMangalore
_bBeena Dias
_c2014
942 _2ddc
_cPRO
999 _c218710
_d218710